Porth's pathophysiology (Record no. 18252)

MARC details
000 -LEADER
fixed length control field 00660nam a22002057a 4500
008 - FIXED-LENGTH DATA ELEMENTS--GENERAL INFORMATION
fixed length control field 180712b xxu||||| |||| 00| 0 eng d
020 ## - INTERNATIONAL STANDARD BOOK NUMBER
International Standard Book Number 1496377593
040 ## - CATALOGING SOURCE
Original cataloging agency KABU
Transcribing agency KABU
050 ## - LIBRARY OF CONGRESS CALL NUMBER
Classification number RB113
Item number .N67 2019 c. 1
100 ## - MAIN ENTRY--PERSONAL NAME
Personal name Norris, Tommie L.
245 ## - TITLE STATEMENT
Title Porth's pathophysiology
Remainder of title concepts of altered health states
Statement of responsibility, etc. Tommie L. Norris
250 ## - EDITION STATEMENT
Edition statement 10th ed.
260 ## - PUBLICATION, DISTRIBUTION, ETC. (IMPRINT)
Place of publication, distribution, etc. Philadelphia
Name of publisher, distributor, etc. Wolters Kluwer
Date of publication, distribution, etc. 2019
300 ## - PHYSICAL DESCRIPTION
Extent xxv, 1573 p.
650 ## - SUBJECT ADDED ENTRY--TOPICAL TERM
Topical term or geographic name as entry element Pathology
Form subdivision Nurses' instruction
650 ## - SUBJECT ADDED ENTRY--TOPICAL TERM
Topical term or geographic name as entry element Physiology
Form subdivision Nurses' instruction
650 ## - SUBJECT ADDED ENTRY--TOPICAL TERM
Topical term or geographic name as entry element Disease
Form subdivision Nurses' instruction
700 ## - ADDED ENTRY--PERSONAL NAME
Personal name Tuan, Rupa Lalchandani
942 ## - ADDED ENTRY ELEMENTS (KOHA)
Source of classification or shelving scheme Library of Congress Classification
Koha item type General Collection
Edition 10th ed.
Classification part RB113
Holdings
Withdrawn status Lost status Source of classification or shelving scheme Not for loan Home library Current library Date acquired Cost, normal purchase price Total Checkouts Full call number Barcode Checked out Date last seen Date last checked out Copy number Price effective from Koha item type Total Renewals
    Library of Congress Classification   Kabarak, Main Campus Kabarak, Main Campus 28/02/2020 8943.00 14 RB113 .N67 2019 c. 1 028478 07/07/2023 21/06/2023 21/06/2023 c. 1 28/02/2020 General Collection  
    Library of Congress Classification   Kabarak, Main Campus Kabarak, Main Campus 28/02/2020 8943.00 9 RB113 .N67 2019 c. 2 028479   05/12/2022 03/12/2022 c. 2 28/02/2020 General Collection  
    Library of Congress Classification   Kabarak, Main Campus Kabarak, Main Campus 28/02/2020 8943.00 9 RB113 .N67 2019 c. 3 028480   29/01/2026 25/09/2023 c. 3 28/02/2020 General Collection 4
Designed with assistance from East African Informatics Ltd